Letters written to a Mahratta camp during the year 1809 : descriptive of the character, manners, domestic habits, and religious ceremonies of the Mahrattas : with ten coloured engravings from drawings by a native artist,

Bibliographic Details
Main Author: Broughton, Thomas Duer, 1778-1835 (Author)
Corporate Author: Adam Matthew Digital (Firm) (digitiser.)
Format: eBook
Language:English
Published: [Place of publication not identified] : [publisher not identified], 1813.
Series:AM Scholar: Area Studies India.
Subjects:
Online Access:Connect to the full text of this electronic book

MARC

Tag First Indicator Second Indicator Subfields
LEADER 00000cam a2200000Mi 4500
001 in00005477162
006 m o d
007 cr |||||||||||
008 181219s1813 xx a fo 000 0deng d
005 20240917155136.0
035 |a (OCoLC)on1114583196 
040 |a UKAMD  |b eng  |e rda  |e pn  |c UKAMD  |d OCLCF  |d OCLCO  |d OCLCL 
035 |a (OCoLC)1114583196 
050 4 |a DS470 
082 0 4 |a 954.031092  |2 23 
049 |a TXAM 
100 1 |a Broughton, Thomas Duer,  |d 1778-1835,  |e author. 
240 1 0 |a Works.  |k Selections 
245 1 0 |a Letters written to a Mahratta camp during the year 1809 :  |b descriptive of the character, manners, domestic habits, and religious ceremonies of the Mahrattas : with ten coloured engravings from drawings by a native artist,  |f 1813 /  |c by Thomas Duer Broughton, Esq. 
264 1 |a [Place of publication not identified] :  |b [publisher not identified],  |c 1813. 
300 |a 1 online resource (1 volume (353 pages)) :  |b illustrations (black and white). 
336 |a text  |b txt  |2 rdacontent 
337 |a computer  |b c  |2 rdamedia 
338 |a online resource  |b cr  |2 rdacarrier 
490 1 |a AM Scholar: Area Studies India. 
521 |a Specialized. 
535 1 |a British Library 
542 |f The British Library Board. 
588 |a Description based on online resource; title from scanned document's title page (viewed on December 20, 2018). 
600 1 0 |a Broughton, Thomas Duer,  |d 1778-1835  |v Correspondence. 
600 1 7 |a Broughton, Thomas Duer,  |d 1778-1835  |2 fast  |1 https://id.oclc.org/worldcat/entity/E39PBJm9fCxkVG79bwh7XdBMfq 
651 0 |a India  |x Description and travel. 
651 0 |a India  |x Social life and customs  |y 19th century. 
650 0 |a Maratha (Indic people) 
651 6 |a Inde  |x Descriptions et voyages. 
651 6 |a Inde  |x Mœurs et coutumes  |y 19e siècle. 
650 6 |a Marathes. 
650 7 |a Manners and customs  |2 fast 
650 7 |a Maratha (Indic people)  |2 fast 
650 7 |a Travel  |2 fast 
651 7 |a India  |2 fast  |1 https://id.oclc.org/worldcat/entity/E39PBJmdx47cDXrRhBXHtbvPwC 
648 7 |a 1800-1899  |2 fast 
655 7 |a Electronic books.  |2 local 
655 7 |a Personal correspondence  |2 fast 
710 2 |a Adam Matthew Digital (Firm),  |e digitiser. 
758 |i has work:  |a Selections Works (Text)  |1 https://id.oclc.org/worldcat/entity/E39PCGjWmjmWBTF8HJwXJvQFVd  |4 https://id.oclc.org/worldcat/ontology/hasWork 
830 0 |a AM Scholar: Area Studies India. 
856 4 0 |u http://proxy.library.tamu.edu/login?url=https://www.amscholar.amdigital.co.uk/Documents/Details/CD_III_Part2_Reel49_Vol1  |z Connect to the full text of this electronic book  |t 0 
955 |a Adam Matthew Scholar Area Studies India 
994 |a 92  |b TXA 
999 f f |s 5a0c95c8-925a-44e5-adfd-7abe23503401  |i c53b0dfd-080e-4d53-b7c3-810a3fd15e4e  |t 0 
952 f f |a Texas A&M University  |b College Station  |c Electronic Resources  |d Available Online  |t 0  |e DS470   |h Library of Congress classification 
998 f f |a DS470   |t 0  |l Available Online